000 00696nam a2200229Ii 4500
003 JO-AjNU
008 230605s9999||||xx |||||||||||||| ||und||
017 _a78/4673
020 _a977-7299-62-1
040 _aJO-AjNU
_bara
_erda
_cJO-AjNU
041 _aara
050 1 4 _aLB1025.J3 1978
100 3 _aالجيار، سيد إبراهيم,
_eauthor
_935405
245 0 0 _aدراسات في التجديد التربوي
250 _aط1
264 3 1 _aالقاهرة:دار غريب،1978
300 _a138ص
336 _atext
_btxt
_2rdacontent
337 _aunmediated
_bn
_2rdamedia
338 _avolume
_bnc
_2rdacarrier
650 4 _aالتربية و التعليم-فلسفة
_935406
999 _aA14615
_c18183
_d18183